CJ's General Knowledge - Food and Drink - Statistics

General Stats
  • This quiz has been taken 537 times
  • The average score is 10 of 15
Answer Stats
Question Answer % Correct
What is the primary ingredient in guacamole? Avocado
93%
Which fast food chain's slogan is "finger lickin' good"? KFC
85%
What is sushi traditionally wrapped in? Seaweed
85%
What nut is in the middle of the Ferrero Rocher chocolate? Hazelnut
82%
From what grain is the Japanese spirit Sake made? Rice
78%
What alcoholic drink contains or is flavoured by juniper berries? Gin
76%
What meat is used in a Shepherd's pie? Lamb
76%
What number is found on Heinz products in reference to their number of varieties? 57
71%
Which soft drink is commonly associated with Scotland? Irn-Bru
71%
What name is given to Indian food that is cooked over charcoal in a clay oven? Tandoori
71%
Earl Grey tea is black tea flavoured with what? Bergamot Oil
56%
Which of the following sauces is NOT traditionally vegan? Worcestershire
46%
Where did the pineapple originate? South America
29%
Saying the name of what dried fruit was used to encourage people to smile before a photo in the 1800's, before the phrase 'cheese'? Prunes
26%
In which country did the Caesar salad originate? Mexico
22%
No matching quizzes found
Score Distribution
Percent of People with Each Score
Percentile by Number Answered
Your Score History
You have not taken this quiz